MARC

LEADER 00000nam0a2200000 4500
001 21074
005 20231030192334.0
035 |a (RuTPU)RU\TPU\book\21271 
035 |a BOOK00021342 
090 |a 21074 
100 |a 20011209d1968 km y0rusy50 ca 
101 0 |a rus 
102 |a RU 
105 |a a z 000zy 
200 1 |a Искусство Древнего Востока  |f сост.: М. Э. Матье 
210 |a Москва  |c Искусство  |d 1968 
215 |a 96 с.  |c 163 л. ил. 
225 1 |a Памятники мирового искусства  |v Вып. 2 
610 1 |a искусство 
610 1 |a изобразительное искусство 
610 1 |a Восток 
610 1 |a Древний Восток 
610 1 |a Египет 
610 1 |a Двуречье 
610 1 |a 7 век до н.э. 
610 1 |a 6 век до н.э. 
610 1 |a 5 век до н.э. 
610 1 |a 4 век до н.э. 
610 1 |a 3 век до н.э. 
610 1 |a 2 век до н.э. 
610 1 |a 1 век до н.э. 
610 1 |a Передняя Азия 
610 1 |a Иран 
675 |a 73/76И  |v 3 
702 1 |a Матье  |b М. Э.  |g Милица Эдвиновна  |4 220 
801 0 |a RU  |b 63413507  |c 20011209  |g PSBO 
801 2 |a RU  |b 63413507  |c 20110406  |g PSBO 
942 |c BK